| Tag |
First Indicator |
Second Indicator |
Subfields |
| LEADER |
00000pam a2200000 a 4500 |
| 001 |
in00000099708 |
| 005 |
20150924160355.0 |
| 008 |
810223s1981 wb d 00010 eng |
| 010 |
|
|
|a 81001757
|
| 020 |
|
|
|a 3110085887 :
|c $60.00 (est.)
|
| 035 |
|
|
|a (OCoLC)07274131
|
| 035 |
|
|
|9 AAL0326AM
|
| 039 |
0 |
|
|a 2
|b 3
|c 3
|d 3
|e 3
|
| 040 |
|
|
|a DLC
|c DLC
|d m/c
|d TXA
|d UtOrBLW
|
| 049 |
|
|
|a TXAF
|c [1633634]
|
| 050 |
1 |
0 |
|a HX17
|b .W54
|
| 082 |
0 |
|
|a 335/.603
|2 19
|
| 100 |
1 |
|
|a Wilczynski, J.
|q (Jozef),
|d 1922-
|
| 245 |
1 |
3 |
|a An encyclopedic dictionary of Marxism, socialism, and communism :
|b economic, philosophical, political, and sociological theories, concepts, institutions and practices--classical and modern, East-West relations included /
|c J. Wilczynski.
|
| 264 |
|
1 |
|a Berlin ;
|a New York :
|b De Gruyter,
|c 1981.
|
| 300 |
|
|
|a 660 pages ;
|c 24 cm.
|
| 336 |
|
|
|a text
|b txt
|2 rdacontent
|
| 337 |
|
|
|a unmediated
|b n
|2 rdamedia
|
| 338 |
|
|
|a volume
|b nc
|2 rdacarrier
|
| 650 |
|
0 |
|a Socialism
|x Dictionaries.
|
| 650 |
|
0 |
|a Communism
|v Dictionaries.
|
| 999 |
|
|
|a MARS
|
| 999 |
f |
f |
|s 62fddb4a-a41e-3277-8da8-bd8480e178b8
|i 99567dfe-0768-3019-9018-8f68faa0c585
|t 0
|
| 952 |
f |
f |
|p ric
|a Texas A&M University
|b Rellis Campus
|c Joint Library Facility
|d Remote Storage
|t 0
|e HX17 .W54
|h Library of Congress classification
|i unmediated -- volume
|m A14806045097
|
| 998 |
f |
f |
|a HX17 .W54
|t 0
|l Remote Storage
|